[Event "34.Schlosspark-Open"]
[Site "Wiesbaden-Biebrich"]
[Date "2025.08.31"]
[Round "7.68"]
[White "Michalski, Uwe"]
[Black "Gerber, Ingo"]
[Result "1-0"]
[WhiteElo "1798"]
[BlackElo "1708"]
[PlyCount "85"]
[EventDate "2025.08.28"]
[WhiteTeam "Sfr.Mainz 1928"]
[BlackTeam "Sfr.Mainz 1928"]

1. e4 e5 2. Bc4 Nc6 3. Nc3 Nf6 4. d3 Be7 5. f4 d6 6. f5 Na5 7. Bb3 Nxb3 8. axb3 d5 9. Qf3 d4 10. Nce2 Qd6 11. g4 h6 12. h4 Qb4+ 13. Bd2 Qc5 14. Kd1 Bd7 15. Nh3 O-O-O 16. Ra5 Qd6 17. Rxa7 Kb8 18. Ra2 Nh7 19. Nf2 Rdf8 20. Ng3 b6 21. Ke2 Bc6 22. c4 g5 23. h5 Kb7 24. Rha1 Ra8 25. Qh1 Rxa2 26. Rxa2 Ra8 27. Qa1 Rxa2 28. Qxa2 Kb8 29. b4 Be8 30. Kf3 Nf8 31. Nd1 Kb7 32. Ne2 Nd7 33. Nc1 c5 34. bxc5 bxc5 35. Nb3 Qa6 36. Na5+ Kc7 37. Qa3 Nb8 38. b4 cxb4 39. Bxb4 Bxb4 40. Qxb4 Nc6 41. Nxc6 Qxc6 42. Qe7+ Qd7 43. Qxe5+ 1-0

[Event "34.Schlosspark-Open"]
[Site "Wiesbaden-Biebrich"]
[Date "2025.08.31"]
[Round "7.69"]
[White "Clauss, Hendrik"]
[Black "Probstfeld, Bernd"]
[Result "1-0"]
[WhiteElo "1796"]
[BlackElo "1671"]
[PlyCount "59"]
[EventDate "2025.08.28"]
[WhiteTeam "SC Bergen-Enkheim 1922"]
[BlackTeam "SG Pieroth/Burg Layen"]

1. d4 Nf6 2. Bg5 d5 3. Bxf6 gxf6 4. e3 e5 5. c4 c6 6. Nc3 Be6 7. Nf3 Nd7 8. cxd5 cxd5 9. Qb3 e4 10. Nd2 Nb6 11. Bb5+ Ke7 12. a4 a6 13. Be2 Rb8 14. a5 Na8 15. O-O f5 16. Rfc1 Bg7 17. Qb4+ Qd6 18. Qxd6+ Kxd6 19. Nb3 Bd7 20. g3 Nc7 21. Nc5 Bc6 22. Rc2 Rhc8 23. Rac1 Bf6 24. N3a4 Nb5 25. Nb6 Rc7 26. Bxb5 axb5 27. b4 Bd8 28. Kf1 Re7 29. Na6 Bxb6 30. Nxb8 1-0

[Event "34.Schlosspark-Open"]
[Site "Wiesbaden-Biebrich"]
[Date "2025.08.31"]
[Round "7.70"]
[White "Busch, Günther"]
[Black "Donecker, Stefan"]
[Result "1/2-1/2"]
[WhiteElo "1660"]
[BlackElo "1780"]
[PlyCount "59"]
[EventDate "2025.08.28"]
[WhiteTeam "Sfr Stiller Zug Wiesbaden"]
[BlackTeam "SAbt TuS Dotzheim"]

1. Na3 d5 2. Nf3 Nc6 3. d4 Bf5 4. c3 e6 5. Nc2 Bxc2 6. Qxc2 Bd6 7. e4 dxe4 8. Qxe4 Nf6 9. Qh4 Qd7 10. Bb5 O-O-O 11. Bf4 Nd5 12. Bxd6 cxd6 13. Qe4 f5 14. Qc2 Kb8 15. O-O-O Rc8 16. Bxc6 Qxc6 17. a3 b5 18. g3 Nxc3 19. bxc3 Qxf3 20. Kb1 Rc4 21. Rhe1 Rhc8 22. Re3 Qc6 23. Rdd3 a5 24. Qd1 b4 25. axb4 axb4 26. Qb3 Qb7 27. cxb4 Rxb4 28. Qxb4 Qxb4+ 29. Rb3 Qxb3+ 30. Rxb3+ 1/2-1/2

[Event "34.Schlosspark-Open"]
[Site "Wiesbaden-Biebrich"]
[Date "2025.08.31"]
[Round "7.71"]
[White "Wernicke, Dieter"]
[Black "Rotermund, Verena"]
[Result "1/2-1/2"]
[WhiteElo "1631"]
[BlackElo "1770"]
[PlyCount "63"]
[EventDate "2025.08.28"]
[WhiteTeam "SV Mainspitze Ginsheim"]
[BlackTeam "Vorw.Orient Mainz"]

1. e4 e6 2. Nf3 c5 3. d4 d5 4. exd5 exd5 5. Be3 g6 6. c3 Nc6 7. Bb5 Bg7 8. dxc5 Nge7 9. O-O O-O 10. Re1 Bg4 11. h3 Bxf3 12. Qxf3 Ne5 13. Qe2 a6 14. Ba4 Rc8 15. Bg5 f6 16. Be3 Nf5 17. Bd4 Nxd4 18. cxd4 Nc4 19. Nc3 f5 20. Nxd5 Qxd5 21. Bb3 Qxd4 22. Qxc4+ Kh8 23. Qd5 Qxc5 24. Qxc5 Rxc5 25. Re2 Bf6 26. Rae1 Kg7 27. Rd1 Rb5 28. Rc2 Be5 29. Re2 Bf6 30. Rc2 a5 31. Rd7+ Kh6 32. Rcc7 1/2-1/2

[Event "34.Schlosspark-Open"]
[Site "Wiesbaden-Biebrich"]
[Date "2025.08.31"]
[Round "7.72"]
[White "Morgen, Andreas"]
[Black "Piacentino, Mirco"]
[Result "0-1"]
[WhiteElo "1766"]
[BlackElo "1667"]
[PlyCount "96"]
[EventDate "2025.08.28"]
[WhiteTeam "SK Marburg 1931/72"]
[BlackTeam "SV 1934 Ffm-Griesheim"]

1. e4 c6 2. d4 d5 3. e5 Bf5 4. h4 h5 5. c4 e6 6. Nc3 Bb4 7. cxd5 cxd5 8. a3 Bxc3+ 9. bxc3 Ne7 10. Bg5 Qd7 11. Bxe7 Qxe7 12. Ne2 Nc6 13. Ng3 Bg6 14. Be2 Na5 15. Bxh5 Bxh5 16. Nxh5 g6 17. Nf6+ Kf8 18. h5 Rc8 19. h6 Rxc3 20. Qd2 Rxa3 21. Rxa3 Qxa3 22. O-O Nc4 23. Qg5 Qd3 24. h7 Qd2 25. Qxd2 Nxd2 26. Rc1 Nc4 27. Kf1 Kg7 28. Ke2 Rc8 29. Ra1 a5 30. Kd3 b5 31. g4 b4 32. f4 b3 33. f5 b2 34. Rh1 a4 35. Ng8 Rxg8 36. hxg8=Q+ Kxg8 37. fxe6 fxe6 38. Kc2 a3 39. Kb3 g5 40. Rg1 Kf7 41. Rd1 Ke7 42. Rh1 Kd7 43. Ka2 Kc6 44. Kb3 Kb5 45. Rd1 Nd2+ 46. Ka2 b1=Q+ 47. Rxb1+ Nxb1 48. Kxb1 Kc4 0-1

[Event "34.Schlosspark-Open"]
[Site "Wiesbaden-Biebrich"]
[Date "2025.08.31"]
[Round "7.73"]
[White "Bartsch, Marius"]
[Black "Glaesser, Leonhard"]
[Result "1/2-1/2"]
[WhiteElo "1756"]
[BlackElo "1661"]
[PlyCount "49"]
[EventDate "2025.08.28"]
[WhiteTeam "Wiesbadener SV 1885"]
[BlackTeam "Wiesbaden"]

1. e4 c5 2. Nf3 Nc6 3. d3 d5 4. Nbd2 Bg4 5. h3 Bh5 6. g4 Bg6 7. Nh4 Nf6 8. Nxg6 hxg6 9. Bg2 d4 10. f4 e5 11. Nf3 Bd6 12. fxe5 Nxe5 13. Nxe5 Bxe5 14. Qf3 Qd6 15. Rf1 Rf8 16. Bf4 Ke7 17. Bxe5 Qxe5 18. Qf4 Ke6 19. O-O-O Rae8 20. Rd2 Re7 21. Rdf2 a5 22. Qxe5+ Kxe5 23. Bf3 b6 24. Kd2 Rh8 25. Bg2 1/2-1/2

[Event "34.Schlosspark-Open"]
[Site "Wiesbaden-Biebrich"]
[Date "2025.08.31"]
[Round "7.75"]
[White "Liu, Jonas"]
[Black "Krannich, Eva"]
[Result "0-1"]
[WhiteElo "1755"]
[BlackElo "1651"]
[PlyCount "62"]
[EventDate "2025.08.28"]
[WhiteTeam "SV Oberursel"]
[BlackTeam "Sfr.Heidesheim"]

1. e4 c5 2. Nf3 g6 3. c3 d6 4. d4 Qc7 5. Be3 Nd7 6. Be2 Ngf6 7. Nbd2 Bg7 8. h3 O-O 9. O-O a6 10. Nh2 b6 11. f4 e5 12. dxe5 dxe5 13. f5 Bb7 14. Bf3 c4 15. Qe1 b5 16. Qh4 Nc5 17. Bg5 Qb6 18. Kh1 Nd3 19. Ng4 Nxg4 20. hxg4 f6 21. Bh6 g5 22. Qh5 Rad8 23. Bxg7 Kxg7 24. Nb1 Nxb2 25. g3 Qe3 26. Kg2 Bxe4 27. Rf2 Nd3 28. Rf1 Bxf3+ 29. Rxf3 Qe2+ 30. Kh3 Qxf3 31. Nd2 Nf4+ 0-1

[Event "34.Schlosspark-Open"]
[Site "Wiesbaden-Biebrich"]
[Date "2025.08.31"]
[Round "7.76"]
[White "Weidemann, Max"]
[Black "Shtogrin, Joseph Stephan"]
[Result "1-0"]
[WhiteElo "1656"]
[BlackElo "1483"]
[PlyCount "41"]
[EventDate "2025.08.28"]
[WhiteTeam "Vorw.Orient Mainz"]
[BlackTeam "SAbt TuS Makkabi Ffm"]

1. Nf3 d5 2. e3 Nf6 3. c4 c6 4. b3 Bf5 5. Bb2 Nbd7 6. d4 h6 7. Bd3 Bxd3 8. Qxd3 e6 9. O-O Be7 10. Nc3 O-O 11. Rfd1 Qc7 12. e4 dxe4 13. Nxe4 c5 14. dxc5 Nxc5 15. Nxc5 Qxc5 16. Bd4 Qc7 17. Be5 Qc6 18. Qe2 Rad8 19. h3 Ne4 20. Nd4 Nc3 21. Qg4 1-0

[Event "34.Schlosspark-Open"]
[Site "Wiesbaden-Biebrich"]
[Date "2025.08.31"]
[Round "7.77"]
[White "Duizendstra, Ben"]
[Black "Eckert, Michael"]
[Result "1-0"]
[WhiteElo "1591"]
[BlackElo "1744"]
[PlyCount "101"]
[EventDate "2025.08.28"]
[WhiteTeam "SK Bad Schwalbach"]
[BlackTeam "SK Herborn 1946"]

1. Nf3 d5 2. d4 Nf6 3. c4 e6 4. g3 b6 5. cxd5 exd5 6. Bg2 Bb7 7. O-O Be7 8. Nc3 O-O 9. Bg5 h6 10. Bxf6 Bxf6 11. Rc1 c6 12. e3 Nd7 13. Qb3 Re8 14. Ne2 Rc8 15. Nf4 g6 16. Nd3 Qe7 17. Bh3 Rc7 18. Bxd7 Rxd7 19. Nfe5 Rc7 20. Qa4 Bxe5 21. Nxe5 c5 22. Qxa7 Ra8 23. Qxb6 Rxa2 24. Rc3 Ra6 25. Qb3 Qd6 26. Rxc5 Rb6 27. Qc3 Re7 28. Nd3 Ba6 29. Rc1 Bxd3 30. Qxd3 Reb7 31. Qa3 Kg7 32. R5c3 Qf6 33. Rc8 Qd6 34. Qxd6 Rxd6 35. R8c6 Rxc6 36. Rxc6 Rxb2 37. Rc5 Kf6 38. Rxd5 Ke6 39. Re5+ Kd6 40. g4 f6 41. Re8 Rb5 42. h4 h5 43. Rg8 g5 44. hxg5 hxg4 45. gxf6 Ke6 46. Rxg4 Kxf6 47. Kg2 Rb8 48. Kf3 Ke6 49. Rf4 Ra8 50. Ke4 Ra4 51. Rf5 1-0

[Event "34.Schlosspark-Open"]
[Site "Wiesbaden-Biebrich"]
[Date "2025.08.31"]
[Round "7.78"]
[White "Strache, Rolf"]
[Black "Schmitt, Clemens"]
[Result "0-1"]
[WhiteElo "1684"]
[BlackElo "1889"]
[PlyCount "126"]
[EventDate "2025.08.28"]
[WhiteTeam "SK Herborn 1946"]
[BlackTeam "SV Bergwinkel"]

1. d4 d5 2. c4 c6 3. Nc3 Nf6 4. Bf4 dxc4 5. a4 Nd5 6. Bg3 Qa5 7. Qd2 b5 8. Nf3 e6 9. Nxd5 Qxd2+ 10. Nxd2 exd5 11. axb5 cxb5 12. e3 Nc6 13. Be2 Bb4 14. Rd1 O-O 15. O-O Be6 16. Nb1 a6 17. Bf3 f5 18. h3 Rfd8 19. Nc3 h6 20. Bc7 Rd7 21. Bg3 Ne7 22. Ra1 Rdd8 23. Bc7 Rdc8 24. Bg3 Kf7 25. Rfc1 Bxc3 26. bxc3 Ng8 27. Bd6 Nf6 28. Kf1 g5 29. Bd1 h5 30. Be5 g4 31. h4 Rc6 32. Bxf6 Kxf6 33. g3 a5 34. Rcb1 Rb6 35. Bc2 Bd7 36. Ke2 Bc6 37. Kd2 b4 38. cxb4 axb4 39. Rxa8 Bxa8 40. Ra1 Bc6 41. Ra7 c3+ 42. Kc1 b3 43. Bxb3 Rxb3 44. Kc2 Rb6 45. Kxc3 Bb5 46. Kb4 Bc4+ 47. Kc5 Rb2 48. Rc7 Rxf2 49. Rc6+ Ke7 50. Rh6 Rf3 51. Rxh5 Kf6 52. Rh8 Rxg3 53. Rb8 Rxe3 54. Rf8+ Kg6 55. Kd6 g3 56. Kc5 Kh5 57. Rh8+ Kg4 58. h5 f4 59. h6 Re6 60. h7 Rh6 61. Rg8+ Kf3 62. h8=Q Rxh8 63. Rxh8 g2 0-1

[Event "34.Schlosspark-Open"]
[Site "Wiesbaden-Biebrich"]
[Date "2025.08.31"]
[Round "7.79"]
[White "Stehning, Ralf"]
[Black "Hammel, Jens"]
[Result "0-1"]
[WhiteElo "1877"]
[BlackElo "1641"]
[PlyCount "82"]
[EventDate "2025.08.28"]
[WhiteTeam "SF Braunfels"]
[BlackTeam "SK 1858 Gießen"]

1. d4 d5 2. Nf3 Bf5 3. c4 e6 4. Qb3 Nc6 5. Qxb7 Nb4 6. Qb5+ c6 7. Qa4 Nc2+ 8. Kd1 Rc8 9. Nc3 Nxa1 10. Qxa7 Qc7 11. Qa6 Rb8 12. cxd5 exd5 13. a3 Qb6 14. Qxb6 Rxb6 15. e3 Nb3 16. Ne5 Ne7 17. g4 Bc8 18. Na4 Rb8 19. Be2 Nxc1 20. Kxc1 f6 21. Nd3 Ba6 22. Kd2 Bxd3 23. Bxd3 Nc8 24. Rc1 Na7 25. e4 h5 26. exd5 cxd5 27. gxh5 Nb5 28. Bg6+ Kd7 29. Kd3 Nc7 30. Re1 Ne6 31. Bf5 Re8 32. Nc3 Rxh5 33. Bg4 Rxh2 34. Nxd5 Kd6 35. Nc3 Nf4+ 36. Kd2 Rxf2+ 37. Kd1 Rxe1+ 38. Kxe1 Rxb2 39. a4 Ng2+ 40. Kd1 Ne3+ 41. Ke1 Rc2 0-1

[Event "34.Schlosspark-Open"]
[Site "Wiesbaden-Biebrich"]
[Date "2025.08.31"]
[Round "7.80"]
[White "Schneider, Felix"]
[Black "Luber, Maximilian"]
[Result "1-0"]
[WhiteElo "1749"]
[BlackElo "1518"]
[PlyCount "57"]
[EventDate "2025.08.28"]
[WhiteTeam "SK Bad Homburg 1927"]
[BlackTeam "SK Schwandorf"]

1. Nf3 d5 2. g3 Nf6 3. Bg2 Bf5 4. O-O Qd7 5. Re1 Nc6 6. c4 d4 7. d3 e5 8. e4 Bh3 9. Bh1 Be7 10. Na3 a6 11. Nc2 h5 12. b4 Bg4 13. Qd2 Bxf3 14. Bxf3 h4 15. Re2 hxg3 16. fxg3 Ng4 17. Rg2 Ne3 18. Nxe3 dxe3 19. Qxe3 Nxb4 20. Rd2 b6 21. Kh1 Bc5 22. Qg5 Qh3 23. Qxe5+ Kf8 24. Ba3 Nxd3 25. Bxc5+ Nxc5 26. Qxc7 Qe6 27. Rad1 g6 28. e5 Rh7 29. Bxa8 1-0

[Event "34.Schlosspark-Open"]
[Site "Wiesbaden-Biebrich"]
[Date "2025.08.31"]
[Round "7.82"]
[White "Nabuuma, Rakhshanah"]
[Black "Wolf, Aurelia"]
[Result "1-0"]
[WhiteElo "1680"]
[BlackElo "1589"]
[PlyCount "67"]
[EventDate "2025.08.28"]
[WhiteTeam "VSG 1880 Offenbach"]
[BlackTeam "SK Bad Homburg 1927"]

1. d4 Nf6 2. Bf4 e6 3. Nf3 d5 4. Nbd2 c5 5. c3 Nc6 6. e3 Be7 7. Bd3 O-O 8. Ne5 Nxe5 9. dxe5 Nd7 10. g3 f6 11. exf6 Nxf6 12. O-O b6 13. h4 Bb7 14. Nf3 Bd6 15. a3 Rc8 16. Be5 Bxe5 17. Nxe5 Qd6 18. f4 d4 19. cxd4 cxd4 20. exd4 Qxd4+ 21. Rf2 Ne4 22. Bxe4 Qxe4 23. Qg4 Rc2 24. Qxe6+ Kh8 25. Qe7 Rfc8 26. Nf7+ Kg8 27. Qxe4 Bxe4 28. Nd6 Ba8 29. Nxc8 Rxc8 30. Re1 g6 31. Rd2 Bc6 32. Rc1 Bb7 33. Rxc8+ Bxc8 34. Rd8+ 1-0

[Event "34.Schlosspark-Open"]
[Site "Wiesbaden-Biebrich"]
[Date "2025.08.31"]
[Round "7.83"]
[White "Pfaff, Helmut"]
[Black "Wolf, Helena"]
[Result "0-1"]
[WhiteElo "1493"]
[BlackElo "1622"]
[PlyCount "62"]
[EventDate "2025.08.28"]
[WhiteTeam "Vorw.Orient Mainz"]
[BlackTeam "SK Bad Homburg 1927"]

1. c4 e5 2. e4 Nf6 3. Nc3 Bb4 4. d3 Nc6 5. Bd2 d6 6. Be2 Nd4 7. a3 Bc5 8. Nf3 Nxe2 9. Qxe2 c6 10. Na4 Bb6 11. Nxb6 Qxb6 12. b4 O-O 13. O-O h6 14. Be3 Qd8 15. Rfd1 Re8 16. Qc2 d5 17. d4 exd4 18. Rxd4 Rxe4 19. Re1 Rxd4 20. Bxd4 Be6 21. c5 a5 22. Rb1 Qc8 23. b5 Bf5 24. Qe2 Bxb1 25. Qe7 cxb5 26. Ne5 Bg6 27. Nxg6 fxg6 28. Qd6 Qd8 29. Qe6+ Kh7 30. Bxf6 Qxf6 31. Qxd5 Qa1+ 0-1

[Event "34.Schlosspark-Open"]
[Site "Wiesbaden-Biebrich"]
[Date "2025.08.31"]
[Round "7.84"]
[White "Hafner, Hans-Peter"]
[Black "Cimicky, Václav"]
[Result "0-1"]
[WhiteElo "1458"]
[BlackElo "1620"]
[PlyCount "134"]
[EventDate "2025.08.28"]
[WhiteTeam "Sfr.Mainz 1928"]
[BlackTeam "Sfr Stiller Zug Wiesbaden"]

1. e4 c5 2. Nf3 Nc6 3. Bc4 e6 4. Nc3 b6 5. d3 Be7 6. Be3 Bb7 7. O-O Na5 8. Bb3 Nxb3 9. axb3 d5 10. exd5 exd5 11. d4 Nf6 12. Ne5 O-O 13. h3 Nd7 14. f4 Nf6 15. Rf3 Ne4 16. Nxe4 dxe4 17. Rg3 Bh4 18. Rg4 Bc8 19. f5 Bxf5 20. Rf4 Bg5 21. Rxf5 Bxe3+ 22. Kh1 Qxd4 23. Qxd4 cxd4 24. Raf1 f6 25. Ng4 Bg5 26. Rd1 Rad8 27. g3 g6 28. Rff1 f5 29. Ne5 Rd6 30. h4 Bf6 31. Nc4 Rc6 32. Kg2 b5 33. Nd2 Rxc2 34. Kh3 Rxb2 35. g4 Bg7 36. gxf5 gxf5 37. h5 h6 38. Kg3 Be5+ 39. Kh4 e3 40. Rg1+ Bg7 41. Nf3 Kh8 42. Nxd4 Bxd4 43. Rxd4 Rh2+ 44. Kg3 Rxh5 45. Kf4 Re8 46. Rd7 Rg5 47. Re1 a6 48. Rh1 Re4+ 49. Kf3 Rg6 50. Rd8+ Kg7 51. Rd7+ Kf8 52. Ke2 f4 53. Rd8+ Ke7 54. Ra8 Rd6 55. Ra7+ Kf8 56. Ra8+ Re8 57. Ra7 Rf6 58. Rg1 f3+ 59. Kd3 Rd6+ 60. Kc3 Re7 61. Ra8+ Kf7 62. Rg3 f2 63. Rf3+ Rf6 64. Rxf6+ Kxf6 65. Rxa6+ Re6 66. Ra1 e2 67. Kd2 e1=Q+ 0-1

[Event "34.Schlosspark-Open"]
[Site "Wiesbaden-Biebrich"]
[Date "2025.08.31"]
[Round "7.87"]
[White "Chen, Lilly"]
[Black "Lüders, Eric"]
[Result "0-1"]
[WhiteElo "1567"]
[BlackElo "1593"]
[PlyCount "52"]
[EventDate "2025.08.28"]
[WhiteTeam "Sfr Stiller Zug Wiesbaden"]
[BlackTeam "Schachfreunde Hünstetten"]

1. Nf3 d5 2. e3 Nf6 3. c4 e6 4. b3 c5 5. d4 Nc6 6. dxc5 Bxc5 7. Ba3 Bxa3 8. Nxa3 Qa5+ 9. Qd2 Qxa3 10. cxd5 Nxd5 11. Qc2 Qb4+ 12. Qd2 Qxd2+ 13. Nxd2 Ncb4 14. Bb5+ Bd7 15. Bxd7+ Kxd7 16. O-O Rac8 17. Rfd1 Nc3 18. Ne4+ Nxd1 19. Rxd1+ Ke7 20. a3 Nd5 21. h3 Nc3 22. Rd3 Nxe4 23. f3 Rc1+ 24. Kh2 Rh1+ 25. Kxh1 Nf2+ 26. Kh2 Nxd3 0-1